00874nam a2200253Ia 450000500170000000800410001702000150005804100080007308200170008110000330009824501090013125000220024026400280026230000260029033600270031633700330034333800280037649000100040450400430041465000380045765000550049565000350055004000350058520220316235211.0121119s2000 sp gr 000 0 spa  a84254215510 aspa04a305.26bV39e1 aVizcaino Marti, Jordid1951-10aEnvejecimiento y atención socialbelementos para su análisis y planificacióncJorde Vizcaino Marti aPrimera edición 1aBarcelonabHerderc2000 a142 páginasc22 cm. atextobtxt2rdacontent asin mediaciónbn2rdamedia avolumenbnc2rdacarrier0 aAlbor aIncluye referencias bibliográfícas142LEMBaAncianosxAspectos sociales142LEMBaTrabajo social con ancianosxPlanificación142LEMBaVejezxAspectos sociales aCO-BoRNBPbspaerdacCO-BoRNBP